000 00656nam a22002177a 4500
999 _c1639
_d1639
001 1639
003 BD-JhCC
005 20171028120325.0
008 171022s1979 bg ||||| |||| 00| 0 ben d
035 _a(BD-JhCC) 1639
040 _aBD-JhCC
_dBD-JhCC
041 _aben
082 _a954.9205
_bEKU 1979
245 _aএকুশের সংকলন ' ৭৯ /
_cআশরাফ সিদ্দিকী
260 _aঢাকা :
_bবাংলা একাডেমী,
_c1979
300 _a65 p. :
_c21 cm.
650 _aRevolution 1979
_zBangladesh
700 _aসিদ্দিকী, আশরাফ
942 _2ddc
_cBK